| 000 | 00376nam a22001577a 4500 | ||
|---|---|---|---|
| 005 | 20140709105407.0 | ||
| 008 | 140709b xxu||||| |||| 00| 0 eng d | ||
| 040 | _aLoreto College | ||
| 041 | _aEnglish | ||
| 082 |
_a371.9 _bHAL |
||
| 100 | _aHallahan | ||
| 245 |
_aExceptional children- Some part _cHallahan |
||
| 650 | _aSpecial children | ||
| 850 | _aLCBED | ||
| 942 | _cBK | ||
| 999 |
_c39353 _d89832 |
||